[Event "Bundesliga 9495"]
[Site "Deutschland"]
[Date "1995.??.??"]
[Round "?.8"]
[White "Ellers, Holger"]
[Black "Hermesmann, Hans"]
[Result "1-0"]
[WhiteElo "2355"]
[BlackElo "2310"]
[PlyCount "147"]
[EventDate "1994.10.??"]
[EventType "team"]
[EventRounds "15"]
[EventCountry "GER"]
[SourceTitle "Bundesliga 9495"]
[Source "DeepChess"]
[SourceDate "2005.01.01"]
[SourceVersion "1"]
[SourceVersionDate "2005.01.01"]
[SourceQuality "1"]
[WhiteTeam "SG Bochum 31"]
[BlackTeam "SV Castrop Rauxel 1923"]
[WhiteTeamCountry "GER"]
[BlackTeamCountry "GER"]

1. d4 Nf6 2. c4 g6 3. Nc3 Bg7 4. g3 O-O 5. Bg2 d6 6. Nf3 Nbd7 7. O-O e5 8. e4
c6 9. b3 exd4 10. Nxd4 Nc5 11. h3 Re8 12. Re1 Qb6 13. Be3 a5 14. Qc2 Nfd7 15.
Rad1 Qc7 16. f4 Ne6 17. Nde2 Bf8 18. Bf2 Ng7 19. g4 h6 20. Qd2 Qd8 21. Ng3 Kh7
22. Nf1 g5 23. f5 Qe7 24. Nh2 Ne5 25. Nf3 f6 26. Bg3 Qf7 27. c5 dxc5 28. Bxe5
fxe5 29. h4 gxh4 30. g5 Qh5 31. gxh6 Qxh6 32. Ng5+ Kg8 33. Rf1 Be7 34. Nf3 Qf6
35. Qf2 Nh5 36. Bh3 Kf7 37. Kh2 Rg8 38. Rg1 Ng3 39. Qe3 Ke8 40. Ne2 Bd7 41.
Nxg3 hxg3+ 42. Rxg3 Rxg3 43. Kxg3 a4 44. Bg4 Bd6 45. Rh1 Kd8 46. Rh6 Qf8 47.
Ng5 Kc8 48. Nh7 Qg7 49. Nf6 Kc7 50. Rg6 Qf7 51. Nxd7 Qxd7 52. f6 Qd8 53. Rg7+
Kb6 54. Qf3 Ra5 55. Rd7 Qf8 56. Qd3 Bc7 57. f7 Ra8 58. Qe3 Rd8 59. b4 Rxd7 60.
Qxc5+ Qxc5 61. bxc5+ Kxc5 62. f8=Q+ Rd6 63. Kf3 b5 64. Ke3 Kb6 65. Qa8 Rd8 66.
Bc8 Kc5 67. Qa7+ Bb6 68. Qe7+ Kc4+ 69. Ke2 b4 70. Qxe5 Rd4 71. Qe6+ Kb5 72. Bb7
c5 73. Qe8+ Kc4 74. Qxa4 1-0

[Event "Bundesliga 9495"]
[Site "Deutschland"]
[Date "1995.??.??"]
[Round "?.1"]
[White "Lobron, Eric"]
[Black "Glek, Igor V"]
[Result "1-0"]
[WhiteElo "2575"]
[BlackElo "2590"]
[PlyCount "69"]
[EventDate "1994.10.??"]
[EventType "team"]
[EventRounds "15"]
[EventCountry "GER"]
[SourceTitle "Bundesliga 9495"]
[Source "DeepChess"]
[SourceDate "2005.01.01"]
[SourceVersion "1"]
[SourceVersionDate "2005.01.01"]
[SourceQuality "1"]
[WhiteTeam "SV Empor Berlin e.V."]
[BlackTeam "SG Bochum 31"]
[WhiteTeamCountry "GER"]
[BlackTeamCountry "GER"]

1. c4 Nf6 2. Nc3 g6 3. d4 Bg7 4. e4 d6 5. Nf3 O-O 6. Be2 e5 7. O-O exd4 8. Nxd4
Re8 9. f3 Nc6 10. Be3 Nh5 11. f4 Nf6 12. Bf3 Ng4 13. Bxg4 Bxg4 14. Nxc6 Qd7 15.
Qd3 Bxc3 16. Nd4 Bxb2 17. Rab1 c5 18. Rxb2 cxd4 19. Bxd4 Qc6 20. Re1 Rac8 21.
h3 Be6 22. Qg3 Qxc4 23. Rd2 Qb4 24. Red1 Rc1 25. Kh2 Rxd1 26. Rxd1 Qa4 27. Rd2
Qb4 28. Rd1 Qa4 29. Rd3 Qc4 30. Qg5 Rc8 31. Qf6 Kf8 32. Rc3 Qa4 33. Rxc8+ Bxc8
34. Qd8+ Qe8 35. Bg7+ 1-0

[Event "Bundesliga 9495"]
[Site "Deutschland"]
[Date "1995.??.??"]
[Round "?.2"]
[White "Piskov, Yury"]
[Black "Kovalev, Andrei"]
[Result "1/2-1/2"]
[WhiteElo "2540"]
[BlackElo "2545"]
[PlyCount "96"]
[EventDate "1994.10.??"]
[EventType "team"]
[EventRounds "15"]
[EventCountry "GER"]
[SourceTitle "Bundesliga 9495"]
[Source "DeepChess"]
[SourceDate "2005.01.01"]
[SourceVersion "1"]
[SourceVersionDate "2005.01.01"]
[SourceQuality "1"]
[WhiteTeam "SG Bochum 31"]
[BlackTeam "SV Empor Berlin e.V."]
[WhiteTeamCountry "GER"]
[BlackTeamCountry "GER"]

1. d4 Nf6 2. Nf3 d6 3. g3 g6 4. Bg2 Bg7 5. O-O O-O 6. b3 c5 7. c3 cxd4 8. cxd4
Nc6 9. Bb2 d5 10. Ne5 Nxe5 11. dxe5 Ng4 12. Qxd5 Qxd5 13. Bxd5 Nxe5 14. Nc3 Nc6
15. Rfd1 Nb4 16. Bf3 Nc2 17. Rab1 Nd4 18. Nd5 Nxf3+ 19. exf3 Bxb2 20. Nxe7+ Kg7
21. Rxb2 Be6 22. Nd5 Rad8 23. Rbd2 Rd7 24. Nf4 Rxd2 25. Rxd2 Bc8 26. Rc2 Kf6
27. Kg2 Bd7 28. Nd5+ Ke6 29. Nb4 a5 30. Re2+ Kd6 31. Rd2+ Ke6 32. Nc2 Rc8 33.
Nd4+ Ke7 34. f4 Rc5 35. Kf3 a4 36. Ke3 axb3 37. axb3 Rc3+ 38. Rd3 Rc1 39. h4
Re1+ 40. Kf3 Rb1 41. Ke4 Rb2 42. Kd5 Rxf2 43. Kc5 Bh3 44. Nf3 Bg2 45. Ne5 f6
46. Nc4 Be4 47. Re3 f5 48. Ne5 Rc2+ 1/2-1/2

[Event "Bundesliga 9495"]
[Site "Deutschland"]
[Date "1995.??.??"]
[Round "?.4"]
[White "Sonntag, Hans Hubert"]
[Black "Rabiega, Robert"]
[Result "0-1"]
[WhiteElo "2410"]
[BlackElo "2460"]
[PlyCount "96"]
[EventDate "1994.10.??"]
[EventType "team"]
[EventRounds "15"]
[EventCountry "GER"]
[SourceTitle "Bundesliga 9495"]
[Source "DeepChess"]
[SourceDate "2005.01.01"]
[SourceVersion "1"]
[SourceVersionDate "2005.01.01"]
[SourceQuality "1"]
[WhiteTeam "SG Bochum 31"]
[BlackTeam "SV Empor Berlin e.V."]
[WhiteTeamCountry "GER"]
[BlackTeamCountry "GER"]

1. e4 c5 2. Nf3 Nc6 3. d4 cxd4 4. Nxd4 e5 5. Nb5 a6 6. Nd6+ Bxd6 7. Qxd6 Qf6 8.
Qd1 Qg6 9. Nc3 d5 10. Nxd5 Qxe4+ 11. Ne3 Nf6 12. Bd3 Qb4+ 13. c3 Qe7 14. O-O
O-O 15. f3 Be6 16. Qe2 Rad8 17. Bc4 Rfe8 18. Bxe6 Qxe6 19. Nc2 h6 20. Be3 Nd5
21. c4 Nf4 22. Bxf4 exf4 23. Qxe6 Rxe6 24. Rf2 Red6 25. Re1 Rd1 26. Rfe2 Rxe1+
27. Nxe1 f6 28. Kf1 Rd1 29. Re8+ Kf7 30. Rc8 Rd7 31. b3 Ne7 32. Rb8 Nf5 33. Ke2
Nd4+ 34. Kf2 g5 35. Rc8 Nf5 36. Ke2 Nd4+ 37. Kf2 Re7 38. Rd8 Re2+ 39. Kf1 Rd2
40. Nc2 Nxf3 41. Rxd2 Nxd2+ 42. Ke2 Ne4 43. a3 Ke6 44. b4 Ke5 45. Kd3 g4 46. c5
h5 47. Kc4 f3 48. gxf3 Nd2+ 0-1

[Event "Bundesliga 9495"]
[Site "Deutschland"]
[Date "1995.??.??"]
[Round "?.5"]
[White "Muse, Mladen"]
[Black "Kassebaum, Roman"]
[Result "1-0"]
[WhiteElo "2435"]
[BlackElo "2345"]
[PlyCount "69"]
[EventDate "1994.10.??"]
[EventType "team"]
[EventRounds "15"]
[EventCountry "GER"]
[SourceTitle "Bundesliga 9495"]
[Source "DeepChess"]
[SourceDate "2005.01.01"]
[SourceVersion "1"]
[SourceVersionDate "2005.01.01"]
[SourceQuality "1"]
[WhiteTeam "SV Empor Berlin e.V."]
[BlackTeam "SG Bochum 31"]
[WhiteTeamCountry "GER"]
[BlackTeamCountry "GER"]

1. d4 Nf6 2. Nf3 g6 3. Bf4 Bg7 4. e3 O-O 5. Be2 c5 6. c3 b6 7. Nbd2 Bb7 8. O-O
d6 9. h3 Nbd7 10. a4 a6 11. Qb3 Qc7 12. Bh2 Qc6 13. Rfd1 Rac8 14. Ne1 d5 15.
Nef3 Ne4 16. Nxe4 dxe4 17. d5 Qf6 18. Nd2 c4 19. Nxc4 e6 20. Nd6 Bxd5 21. c4
Bc6 22. Nxc8 Rxc8 23. a5 bxa5 24. Rxa5 Qxb2 25. Qxb2 Bxb2 26. Rxa6 Nc5 27. Rb6
Na4 28. Rb8 Rxb8 29. Bxb8 Kf8 30. Rd6 Be8 31. Ra6 Ke7 32. Bd6+ Kd8 33. c5 Nc3
34. Bc4 h5 35. c6 1-0

[Event "Bundesliga 9495"]
[Site "Deutschland"]
[Date "1995.??.??"]
[Round "?.6"]
[White "Ellers, Holger"]
[Black "Poldauf, Dirk"]
[Result "1/2-1/2"]
[WhiteElo "2355"]
[BlackElo "2425"]
[PlyCount "59"]
[EventDate "1994.10.??"]
[EventType "team"]
[EventRounds "15"]
[EventCountry "GER"]
[SourceTitle "Bundesliga 9495"]
[Source "DeepChess"]
[SourceDate "2005.01.01"]
[SourceVersion "1"]
[SourceVersionDate "2005.01.01"]
[SourceQuality "1"]
[WhiteTeam "SG Bochum 31"]
[BlackTeam "SV Empor Berlin e.V."]
[WhiteTeamCountry "GER"]
[BlackTeamCountry "GER"]

1. d4 Nf6 2. c4 g6 3. g3 Bg7 4. Bg2 O-O 5. Nc3 d6 6. Nf3 Nbd7 7. O-O e5 8. e4
exd4 9. Nxd4 Re8 10. h3 Nc5 11. Re1 a5 12. b3 c6 13. Bf4 Nh5 14. Be3 Qe7 15.
Qc2 Bd7 16. Rad1 Rad8 17. g4 Nf6 18. Bf4 Bc8 19. Qd2 h5 20. f3 hxg4 21. hxg4
Nfd7 22. Nce2 Ne5 23. Bg5 Bf6 24. Bxf6 Qxf6 25. Qh6 d5 26. g5 Qe7 27. Ng3 Ncd3
28. exd5 Nxe1 29. Rxe1 cxd5 30. cxd5 1/2-1/2

[Event "Bundesliga 9495"]
[Site "Deutschland"]
[Date "1995.??.??"]
[Round "?.7"]
[White "Volke, Karsten"]
[Black "Kitte, Sebastian"]
[Result "1-0"]
[WhiteElo "2440"]
[BlackElo "2220"]
[PlyCount "67"]
[EventDate "1994.10.??"]
[EventType "team"]
[EventRounds "15"]
[EventCountry "GER"]
[SourceTitle "Bundesliga 9495"]
[Source "DeepChess"]
[SourceDate "2005.01.01"]
[SourceVersion "1"]
[SourceVersionDate "2005.01.01"]
[SourceQuality "1"]
[WhiteTeam "SV Empor Berlin e.V."]
[BlackTeam "SG Bochum 31"]
[WhiteTeamCountry "GER"]
[BlackTeamCountry "GER"]

1. d4 Nf6 2. c4 e6 3. Nc3 Bb4 4. e3 b6 5. Nge2 Ne4 6. Qc2 Bb7 7. a3 Bxc3+ 8.
Nxc3 Nxc3 9. Qxc3 O-O 10. b4 d6 11. Bb2 Nd7 12. d5 e5 13. Bd3 f5 14. f4 Qh4+
15. g3 Qe7 16. O-O-O c6 17. dxc6 Bxc6 18. Rhf1 Rac8 19. Kb1 a5 20. Rd2 axb4 21.
axb4 b5 22. Rc2 Bd5 23. Qd2 Be6 24. cxb5 Nb6 25. Rxc8 Rxc8 26. Rc1 Nc4 27. Qe2
Qf7 28. b6 d5 29. Bxe5 Qd7 30. Qa2 Qb5 31. Bxc4 Qxb4+ 32. Bb3 Rxc1+ 33. Kxc1
Qxb6 34. Bd4 1-0

[Event "Bundesliga 9495"]
[Site "Deutschland"]
[Date "1995.??.??"]
[Round "?.8"]
[White "Buenermann, Volker"]
[Black "Stern, Rene"]
[Result "0-1"]
[WhiteElo "2275"]
[BlackElo "2400"]
[PlyCount "126"]
[EventDate "1994.10.??"]
[EventType "team"]
[EventRounds "15"]
[EventCountry "GER"]
[SourceTitle "Bundesliga 9495"]
[Source "DeepChess"]
[SourceDate "2005.01.01"]
[SourceVersion "1"]
[SourceVersionDate "2005.01.01"]
[SourceQuality "1"]
[WhiteTeam "SG Bochum 31"]
[BlackTeam "SV Empor Berlin e.V."]
[WhiteTeamCountry "GER"]
[BlackTeamCountry "GER"]

1. e4 e5 2. Nf3 Nc6 3. Bb5 a6 4. Ba4 Nf6 5. Qe2 d6 6. c3 Be7 7. O-O O-O 8. d4
Bd7 9. d5 Nb8 10. Bc2 c6 11. dxc6 Nxc6 12. Nbd2 Qc7 13. Nc4 b5 14. Ne3 h6 15.
Nh4 g6 16. g3 Kg7 17. Nhg2 Na5 18. f4 Qb7 19. f5 g5 20. Ng4 Nxg4 21. Qxg4 f6
22. Ne3 Be8 23. Nd5 Nc4 24. Rd1 Bf7 25. b3 Nb6 26. Nxe7 Qxe7 27. Ba3 Rfd8 28.
Rd3 Qc7 29. Rad1 d5 30. exd5 Nxd5 31. c4 Qa7+ 32. c5 a5 33. b4 axb4 34. Bxb4
Nxb4 35. Qxb4 Rxd3 36. Bxd3 Qxa2 37. Qxb5 Rd8 38. Be2 Rxd1+ 39. Bxd1 Qa1 40.
Qd7 h5 41. c6 Kh6 42. Qd8 Qa7+ 43. Kf1 Kg7 44. Qd7 Qa6+ 45. Be2 Qa1+ 46. Kf2 g4
47. Qd2 Qh1 48. Qc3 Qxh2+ 49. Ke1 h4 50. c7 hxg3 51. Qb4 g2 52. Qxg4+ Kh6 53.
Qxg2 Qxg2 54. c8=Q Qg1+ 55. Kd2 Qd4+ 56. Ke1 Kg7 57. Qc7 Qh4+ 58. Kd1 Qe4 59.
Qd7 Qd5+ 60. Qxd5 Bxd5 61. Kd2 Kh6 62. Ke3 Kg5 63. Bd3 Bc6 0-1

[Event "Bundesliga 9495"]
[Site "Deutschland"]
[Date "1995.??.??"]
[Round "?.1"]
[White "Kuczynski, Robert"]
[Black "Glek, Igor V"]
[Result "1/2-1/2"]
[WhiteElo "2510"]
[BlackElo "2590"]
[PlyCount "67"]
[EventDate "1994.10.??"]
[EventType "team"]
[EventRounds "15"]
[EventCountry "GER"]
[SourceTitle "Bundesliga 9495"]
[Source "DeepChess"]
[SourceDate "2005.01.01"]
[SourceVersion "1"]
[SourceVersionDate "2005.01.01"]
[SourceQuality "1"]
[WhiteTeam "SV Erfurt West 90"]
[BlackTeam "SG Bochum 31"]
[WhiteTeamCountry "GER"]
[BlackTeamCountry "GER"]

1. e4 e6 2. d4 d5 3. Nc3 Nf6 4. e5 Nfd7 5. f4 c5 6. Nf3 Nc6 7. Be3 a6 8. Qd2 b5
9. dxc5 Bxc5 10. Bxc5 Nxc5 11. Qf2 Qb6 12. Bd3 b4 13. Ne2 a5 14. O-O Ba6 15.
Rfd1 O-O 16. Ned4 Rfc8 17. Nb3 Na4 18. Qxb6 Nxb6 19. Nbd4 Na4 20. Rdb1 Nc5 21.
Bxa6 Rxa6 22. a3 Ne4 23. axb4 Nxb4 24. Rc1 h6 25. Kf1 Rb6 26. Ke2 Nc6 27. Nxc6
Rcxc6 28. b3 Rb4 29. Rxa5 Nc3+ 30. Ke3 Re4+ 31. Kd3 Rxf4 32. Rca1 Ne4 33. c4
Nc5+ 34. Kc2 1/2-1/2

[Event "Bundesliga 9495"]
[Site "Deutschland"]
[Date "1995.??.??"]
[Round "?.2"]
[White "Piskov, Yury"]
[Black "Enders, Peter"]
[Result "1-0"]
[WhiteElo "2540"]
[BlackElo "2480"]
[PlyCount "51"]
[EventDate "1994.10.??"]
[EventType "team"]
[EventRounds "15"]
[EventCountry "GER"]
[SourceTitle "Bundesliga 9495"]
[Source "DeepChess"]
[SourceDate "2005.01.01"]
[SourceVersion "1"]
[SourceVersionDate "2005.01.01"]
[SourceQuality "1"]
[WhiteTeam "SG Bochum 31"]
[BlackTeam "SV Erfurt West 90"]
[WhiteTeamCountry "GER"]
[BlackTeamCountry "GER"]

1. d4 Nf6 2. Nf3 g6 3. c4 Bg7 4. Nc3 O-O 5. e4 d6 6. Be2 e5 7. d5 a5 8. h3 Na6
9. Bg5 h6 10. Be3 Nc5 11. Nd2 Ne8 12. g4 Bd7 13. h4 a4 14. h5 f5 15. gxf5 gxf5
16. Nf3 fxe4 17. Nh4 a3 18. b3 Nd3+ 19. Bxd3 exd3 20. Qxd3 b5 21. O-O-O bxc4
22. Qxc4 Rf4 23. Bxf4 exf4 24. Rdg1 Kf7 25. Rg6 Be5 26. Nf3 1-0

[Event "Bundesliga 9495"]
[Site "Deutschland"]
[Date "1995.??.??"]
[Round "?.3"]
[White "Casper, Thomas"]
[Black "Keitlinghaus, Ludger"]
[Result "1/2-1/2"]
[WhiteElo "2435"]
[BlackElo "2495"]
[PlyCount "50"]
[EventDate "1994.10.??"]
[EventType "team"]
[EventRounds "15"]
[EventCountry "GER"]
[SourceTitle "Bundesliga 9495"]
[Source "DeepChess"]
[SourceDate "2005.01.01"]
[SourceVersion "1"]
[SourceVersionDate "2005.01.01"]
[SourceQuality "1"]
[WhiteTeam "SV Erfurt West 90"]
[BlackTeam "SG Bochum 31"]
[WhiteTeamCountry "GER"]
[BlackTeamCountry "GER"]

1. e4 e5 2. Bc4 Nc6 3. Nc3 Nf6 4. d3 Bb4 5. Bd2 Na5 6. Bb3 Nxb3 7. axb3 d5 8.
Nf3 O-O 9. h3 Bxc3 10. Bxc3 dxe4 11. dxe4 Nxe4 12. Qxd8 Rxd8 13. Bxe5 Bf5 14.
O-O Nd2 15. Nxd2 Rxd2 16. Bxc7 Bxc2 17. b4 f6 18. Bb6 Bd3 19. Rfd1 Rxd1+ 20.
Rxd1 Bb5 21. Rd8+ Rxd8 22. Bxd8 Kf7 23. Bc7 Ke6 24. Bf4 Kd5 25. Bd2 Kc4 1/2-1/2

[Event "Bundesliga 9495"]
[Site "Deutschland"]
[Date "1995.??.??"]
[Round "?.4"]
[White "Backwinkel, Paul"]
[Black "Jasnikowski, Zbigniew"]
[Result "1/2-1/2"]
[WhiteElo "2410"]
[BlackElo "2425"]
[PlyCount "85"]
[EventDate "1994.10.??"]
[EventType "team"]
[EventRounds "15"]
[EventCountry "GER"]
[SourceTitle "Bundesliga 9495"]
[Source "DeepChess"]
[SourceDate "2005.01.01"]
[SourceVersion "1"]
[SourceVersionDate "2005.01.01"]
[SourceQuality "1"]
[WhiteTeam "SG Bochum 31"]
[BlackTeam "SV Erfurt West 90"]
[WhiteTeamCountry "GER"]
[BlackTeamCountry "GER"]

1. d4 Nf6 2. Nf3 g6 3. Bf4 Bg7 4. h3 O-O 5. e3 d6 6. Be2 Nbd7 7. O-O Qe8 8. c4
e5 9. Bh2 Qe7 10. Nc3 b6 11. Rc1 Bb7 12. d5 Rfc8 13. Nd2 c6 14. dxc6 Bxc6 15.
Ndb1 Qe6 16. Qd2 Nc5 17. Rfd1 Nce4 18. Qe1 Rd8 19. Nxe4 Nxe4 20. Nc3 Nxc3 21.
Rxc3 d5 22. cxd5 Rxd5 23. Bc4 Rxd1 24. Qxd1 Qf6 25. Bg3 h5 26. Bb3 Rd8 27. Qe2
Bd5 28. Bxd5 Rxd5 29. h4 Qd6 30. Rc8+ Kh7 31. Qc4 Qe6 32. Kh2 b5 33. Qc2 e4 34.
b3 Qg4 35. Qc6 Qd7 36. Qa8 Rd2 37. Rc7 Qf5 38. Qxa7 Rxf2 39. Bxf2 Qxf2 40. Rxf7
Qxh4+ 41. Kg1 Qe1+ 42. Rf1 Qg3 43. Rf7 1/2-1/2

[Event "Bundesliga 9495"]
[Site "Deutschland"]
[Date "1995.??.??"]
[Round "?.5"]
[White "Mueller, Mat"]
[Black "Jackelen, Thomas"]
[Result "0-1"]
[WhiteElo "2375"]
[BlackElo "2415"]
[PlyCount "94"]
[EventDate "1994.10.??"]
[EventType "team"]
[EventRounds "15"]
[EventCountry "GER"]
[SourceTitle "Bundesliga 9495"]
[Source "DeepChess"]
[SourceDate "2005.01.01"]
[SourceVersion "1"]
[SourceVersionDate "2005.01.01"]
[SourceQuality "1"]
[WhiteTeam "SV Erfurt West 90"]
[BlackTeam "SG Bochum 31"]
[WhiteTeamCountry "GER"]
[BlackTeamCountry "GER"]

1. e4 d5 2. exd5 Qxd5 3. Nc3 Qa5 4. d4 c6 5. Nf3 Nf6 6. Bd2 Bf5 7. Bc4 e6 8.
Qe2 Bb4 9. O-O-O Nbd7 10. a3 Bxc3 11. Bxc3 Qc7 12. Ne5 Nd5 13. Bd2 Nxe5 14.
dxe5 O-O-O 15. g4 Bg6 16. f4 h5 17. h3 Qb6 18. Rhf1 hxg4 19. hxg4 Rh3 20. Rf3
Rxf3 21. Qxf3 Qd4 22. Bb3 Be4 23. Qg3 Nb6 24. f5 Nc4 25. Qc3 Nxd2 26. Qxd2
Qxd2+ 27. Rxd2 Rxd2 28. Kxd2 exf5 29. Ke3 g5 30. Bxf7 Kd7 31. gxf5 Bxf5 32. c3
c5 33. Bd5 b6 34. b4 Be6 35. Be4 Bb3 36. bxc5 bxc5 37. Bf5+ Kc6 38. Be4+ Kb5
39. Bf5 Kc6 40. Be4+ Kd7 41. Bf5+ Be6 42. Be4 Kc7 43. Bg6 Kc6 44. Be4+ Kb5 45.
Bg6 Kc4 46. Ke4 g4 47. Bf5 g3 0-1

[Event "Bundesliga 9495"]
[Site "Deutschland"]
[Date "1995.??.??"]
[Round "?.6"]
[White "Luecke, Norbert"]
[Black "Voekler, Bernd"]
[Result "1/2-1/2"]
[WhiteElo "2400"]
[BlackElo "2350"]
[PlyCount "108"]
[EventDate "1994.10.??"]
[EventType "team"]
[EventRounds "15"]
[EventCountry "GER"]
[SourceTitle "Bundesliga 9495"]
[Source "DeepChess"]
[SourceDate "2005.01.01"]
[SourceVersion "1"]
[SourceVersionDate "2005.01.01"]
[SourceQuality "1"]
[WhiteTeam "SG Bochum 31"]
[BlackTeam "SV Erfurt West 90"]
[WhiteTeamCountry "GER"]
[BlackTeamCountry "GER"]

1. Nf3 c5 2. g3 g6 3. Bg2 Bg7 4. d4 cxd4 5. Nxd4 Nc6 6. Nxc6 dxc6 7. Qxd8+ Kxd8
8. O-O Kc7 9. a4 e5 10. Nd2 Ne7 11. f4 f5 12. fxe5 Bxe5 13. Nc4 Bd6 14. Rd1
Bc5+ 15. Kf1 Be6 16. Bf4+ Kc8 17. Nd6+ Bxd6 18. Rxd6 Bd5 19. Rd1 Re8 20. a5 a6
21. b3 Bxg2+ 22. Kxg2 Nd5 23. Kf3 Nxf4 24. gxf4 Kb8 25. Rd7 Ka7 26. Rxh7 Re6
27. Rdd7 Rae8 28. Rxb7+ Ka8 29. Ra7+ Kb8 30. Kg3 Rxe2 31. Rhb7+ Kc8 32. Rc7+
Kb8 33. Rcb7+ Kc8 34. Rg7 Kb8 35. Rab7+ Ka8 36. Ra7+ Kb8 37. Rxa6 R8e3+ 38. Kh4
Rxh2+ 39. Kg5 Re6 40. Rb6+ Kc8 41. Rxg6 Rg2+ 42. Kxf5 Rgxg6 43. a6 Rgf6+ 44.
Kg5 Rf8 45. f5 Rg8+ 46. Kf4 Rh6 47. b4 Kc7 48. Rb7+ Kd6 49. a7 Rh4+ 50. Kf3 Ra8
51. Kg3 Re4 52. f6 Ree8 53. f7 Rf8 54. c4 Ke6 1/2-1/2

[Event "Bundesliga 9495"]
[Site "Deutschland"]
[Date "1995.??.??"]
[Round "?.7"]
[White "Machelett, Heiko"]
[Black "Sonntag, Hans Hubert"]
[Result "1/2-1/2"]
[WhiteElo "2315"]
[BlackElo "2410"]
[PlyCount "63"]
[EventDate "1994.10.??"]
[EventType "team"]
[EventRounds "15"]
[EventCountry "GER"]
[SourceTitle "Bundesliga 9495"]
[Source "DeepChess"]
[SourceDate "2005.01.01"]
[SourceVersion "1"]
[SourceVersionDate "2005.01.01"]
[SourceQuality "1"]
[WhiteTeam "SV Erfurt West 90"]
[BlackTeam "SG Bochum 31"]
[WhiteTeamCountry "GER"]
[BlackTeamCountry "GER"]

1. d4 Nf6 2. c4 e6 3. Nc3 d5 4. Bg5 Be7 5. cxd5 exd5 6. e3 c6 7. Bd3 O-O 8. Qc2
Nbd7 9. Nf3 Re8 10. O-O Nf8 11. h3 g6 12. Rab1 Ne6 13. Bh6 Ng7 14. b4 Nf5 15.
Bf4 Bd6 16. Be5 Be6 17. Na4 Bxe5 18. Nxe5 Nd7 19. Nxd7 Bxd7 20. Nc5 Nd6 21.
Rfc1 Re7 22. Rb3 Bf5 23. Bxf5 Nxf5 24. Nd3 Nd6 25. Qe2 a5 26. a3 axb4 27. axb4
Kg7 28. Rb2 Re8 29. Ra2 Qb6 30. Rca1 Rxa2 31. Qxa2 Qb5 32. Qb3 1/2-1/2

[Event "Bundesliga 9495"]
[Site "Deutschland"]
[Date "1995.??.??"]
[Round "?.8"]
[White "Kitte, Sebastian"]
[Black "Fuhrmann, Daniel"]
[Result "1/2-1/2"]
[WhiteElo "2220"]
[BlackElo "2245"]
[PlyCount "59"]
[EventDate "1994.10.??"]
[EventType "team"]
[EventRounds "15"]
[EventCountry "GER"]
[SourceTitle "Bundesliga 9495"]
[Source "DeepChess"]
[SourceDate "2005.01.01"]
[SourceVersion "1"]
[SourceVersionDate "2005.01.01"]
[SourceQuality "1"]
[WhiteTeam "SG Bochum 31"]
[BlackTeam "SV Erfurt West 90"]
[WhiteTeamCountry "GER"]
[BlackTeamCountry "GER"]

1. d4 Nf6 2. c4 e6 3. Nc3 Bb4 4. Qc2 b6 5. e4 Bxc3+ 6. bxc3 d6 7. f4 Bb7 8. Bd3
e5 9. Nf3 Nbd7 10. O-O Qe7 11. fxe5 dxe5 12. Bg5 c5 13. a4 h6 14. Bh4 Rd8 15.
Rad1 g5 16. Bg3 O-O 17. Nxe5 Nxe5 18. dxe5 Ng4 19. Qe2 Nxe5 20. Bc2 Kg7 21. h4
gxh4 22. Bf4 Ng6 23. Be3 Qe5 24. Rxd8 Rxd8 25. Rf5 Qg3 26. Rf3 Qe5 27. Rf5 Qg3
28. Rf3 Qd6 29. Rf5 Qg3 30. Rf3 1/2-1/2

[Event "Bundesliga 9495"]
[Site "Deutschland"]
[Date "1995.??.??"]
[Round "?.1"]
[White "Dokhoian, Yury"]
[Black "Schmittdiel, Eckhard"]
[Result "0-1"]
[WhiteElo "2580"]
[BlackElo "2485"]
[PlyCount "136"]
[EventDate "1994.10.??"]
[EventType "team"]
[EventRounds "15"]
[EventCountry "GER"]
[SourceTitle "Bundesliga 9495"]
[Source "DeepChess"]
[SourceDate "2005.01.01"]
[SourceVersion "1"]
[SourceVersionDate "2005.01.01"]
[SourceQuality "1"]
[WhiteTeam "SG Bochum 31"]
[BlackTeam "SV Tuebingen 1870 e.V."]
[WhiteTeamCountry "GER"]
[BlackTeamCountry "GER"]

1. d4 e6 2. c4 f5 3. g3 Nf6 4. Bg2 c6 5. Nf3 d5 6. O-O Bd6 7. b3 Qe7 8. Ne5 O-O
9. Bb2 b6 10. cxd5 cxd5 11. Nc4 Nc6 12. Nxd6 Qxd6 13. Qd2 a5 14. Nc3 Ba6 15.
Rfc1 Rfc8 16. Na4 Rab8 17. f3 Bb5 18. Bf1 Qd7 19. Nc3 Ba6 20. Nd1 a4 21. Bc3
Bb5 22. Nb2 axb3 23. axb3 Ne8 24. Nd3 Bxd3 25. Qxd3 Nd6 26. Bd2 Ra8 27. e3 h6
28. Rxa8 Rxa8 29. Qc3 Na5 30. Qb4 Qd8 31. Qc3 Rc8 32. Qb2 Rxc1 33. Bxc1 Qc7 34.
Bd2 Kf7 35. Bd3 Ne8 36. Qa3 g5 37. Qb2 Nf6 38. Qc2 Qd6 39. b4 Nc6 40. Qa4 g4
41. fxg4 Nxg4 42. Bb5 Ne7 43. Be8+ Kf8 44. Qa8 Nf6 45. Bc6+ Kg7 46. b5 Ne4 47.
Be1 h5 48. Kg2 h4 49. Qa4 hxg3 50. hxg3 Qb8 51. Qa6 Kf7 52. Qb7 Qxb7 53. Bxb7
Nd6 54. Ba6 Ng8 55. Bb4 Nc4 56. Kf3 Nf6 57. Ke2 Ng4 58. Bd2 Nxd2 59. Kxd2 Nf6
60. Ke2 Ne4 61. Kf3 Nd6 62. g4 Kf6 63. Kf4 fxg4 64. Kxg4 e5 65. Kg3 exd4 66.
exd4 Kg5 67. Kf3 Kf5 68. Ke3 Kg4 0-1

[Event "Bundesliga 9495"]
[Site "Deutschland"]
[Date "1995.??.??"]
[Round "?.2"]
[White "Horvath, Tamas"]
[Black "Glek, Igor V"]
[Result "1/2-1/2"]
[WhiteElo "2410"]
[BlackElo "2590"]
[PlyCount "61"]
[EventDate "1994.10.??"]
[EventType "team"]
[EventRounds "15"]
[EventCountry "GER"]
[SourceTitle "Bundesliga 9495"]
[Source "DeepChess"]
[SourceDate "2005.01.01"]
[SourceVersion "1"]
[SourceVersionDate "2005.01.01"]
[SourceQuality "1"]
[WhiteTeam "SV Tuebingen 1870 e.V."]
[BlackTeam "SG Bochum 31"]
[WhiteTeamCountry "GER"]
[BlackTeamCountry "GER"]

1. e4 e6 2. d4 d5 3. Nd2 c5 4. Ngf3 cxd4 5. Nxd4 Nf6 6. exd5 Nxd5 7. N2f3 a6 8.
c3 Qc7 9. Bd3 Nf4 10. Bxf4 Qxf4 11. Qe2 Be7 12. O-O O-O 13. Rae1 Bf6 14. Qc2 g6
15. h4 Qh6 16. g3 Qg7 17. Re3 Bd7 18. Rfe1 Nc6 19. Nxc6 Bxc6 20. Be4 Rfc8 21.
Rd1 Qf8 22. Bxc6 Rxc6 23. Rd7 Qc8 24. Qd2 Rc7 25. Red3 Rxd7 26. Rxd7 Qc6 27.
Ng5 Bxg5 28. hxg5 Re8 29. Rd8 e5 30. Rxe8+ Qxe8 31. Qd6 1/2-1/2

[Event "Bundesliga 9495"]
[Site "Deutschland"]
[Date "1995.??.??"]
[Round "?.3"]
[White "Keitlinghaus, Ludger"]
[Black "Kraut, Rainer"]
[Result "1/2-1/2"]
[WhiteElo "2495"]
[BlackElo "2420"]
[PlyCount "21"]
[EventDate "1994.10.??"]
[EventType "team"]
[EventRounds "15"]
[EventCountry "GER"]
[SourceTitle "Bundesliga 9495"]
[Source "DeepChess"]
[SourceDate "2005.01.01"]
[SourceVersion "1"]
[SourceVersionDate "2005.01.01"]
[SourceQuality "1"]
[WhiteTeam "SG Bochum 31"]
[BlackTeam "SV Tuebingen 1870 e.V."]
[WhiteTeamCountry "GER"]
[BlackTeamCountry "GER"]

1. e4 c5 2. Nc3 d6 3. Bb5+ Bd7 4. a4 Nc6 5. f4 e6 6. Nf3 Be7 7. O-O Nf6 8. b3
O-O 9. Bb2 a6 10. Bxc6 Bxc6 11. Qe2 1/2-1/2